[Event "DEM U10 2023"]
[Site "Willingen GER"]
[Date "2023.05.29"]
[Round "4"]
[White "Moskalenko, Michael"]
[Black "Zargaran, Sepas"]
[Result "0-1"]
[Termination "normal"]
[Board "12"]
[WhiteElo "1243"]
[BlackElo "1540"]
[WhiteClock "00:06:18"]
[BlackClock "00:17:48"]
[PlyCount "90"]
[WhiteFideId "34608877"]
[BlackFideId "34625275"]
[EventCountry "GER"]
[EventRounds "11"]
[EventType "swiss"]
[EventDate "2023.05.27"]

1. d4 {[%clk 01:15:57]} {[%emt 00:00:02]} Nf6 {[%clk 01:15:53]} {[%emt
00:00:09]} 2. c4 {[%clk 01:16:22]} {[%emt 00:00:05]} g6 {[%clk 01:16:18]}
{[%emt 00:00:05]} 3. Nc3 {[%clk 01:16:45]} {[%emt 00:00:06]} Bg7 {[%clk
01:16:45]} {[%emt 00:00:03]} 4. e4 {[%clk 01:17:06]} {[%emt 00:00:09]} d6
{[%clk 01:17:09]} {[%emt 00:00:06]} 5. Nf3 {[%clk 01:17:17]} {[%emt 00:00:19]}
O-O {[%clk 01:17:29]} {[%emt 00:00:11]} 6. Be2 {[%clk 01:17:38]} {[%emt
00:00:08]} Na6 {[%clk 01:17:51]} {[%emt 00:00:09]} 7. O-O {[%clk 01:16:54]}
{[%emt 00:01:14]} e5 {[%clk 01:18:07]} {[%emt 00:00:14]} 8. Be3 {[%clk
01:14:31]} {[%emt 00:02:52]} Qe7 {[%clk 01:18:23]} {[%emt 00:00:14]} 9. d5
{[%clk 01:10:10]} {[%emt 00:04:51]} Ng4 {[%clk 01:18:38]} {[%emt 00:00:15]} 10.
Bg5 {[%clk 01:06:56]} {[%emt 00:03:43]} f6 {[%clk 01:18:28]} {[%emt 00:00:41]}
11. Bc1 {[%clk 01:02:15]} {[%emt 00:05:11]} Nh6 {[%clk 01:14:46]} {[%emt
00:04:11]} 12. Ne1 {[%clk 01:01:04]} {[%emt 00:01:42]} f5 {[%clk 01:14:25]}
{[%emt 00:00:52]} 13. f3 {[%clk 00:59:35]} {[%emt 00:01:59]} Nf7 {[%clk
01:00:36]} {[%emt 00:14:18]} 14. Nd3 {[%clk 00:50:48]} {[%emt 00:09:17]} h5
{[%clk 00:55:04]} {[%emt 00:06:02]} 15. Be3 {[%clk 00:44:33]} {[%emt 00:06:45]}
f4 {[%clk 00:51:59]} {[%emt 00:03:35]} 16. Bf2 {[%clk 00:40:41]} {[%emt
00:04:22]} Kh8 {[%clk 00:43:51]} {[%emt 00:08:38]} 17. b4 {[%clk 00:34:46]}
{[%emt 00:06:25]} b6 {[%clk 00:43:52]} {[%emt 00:00:30]} 18. Rc1 {[%clk
00:31:18]} {[%emt 00:03:58]} Rg8 {[%clk 00:42:53]} {[%emt 00:01:29]} 19. Nb5
{[%clk 00:22:28]} {[%emt 00:09:20]} Bh6 {[%clk 00:41:47]} {[%emt 00:01:33]} 20.
c5 {[%clk 00:18:47]} {[%emt 00:04:14]} g5 {[%clk 00:40:46]} {[%emt 00:01:30]}
21. cxd6 {[%clk 00:09:50]} {[%emt 00:09:27]} cxd6 {[%clk 00:40:41]} {[%emt
00:00:35]} 22. Rc3 {[%clk 00:09:01]} {[%emt 00:01:20]} g4 {[%clk 00:39:56]}
{[%emt 00:01:15]} 23. Kh1 {[%clk 00:08:39]} {[%emt 00:00:51]} g3 {[%clk
00:37:39]} {[%emt 00:02:47]} 24. Bg1 {[%clk 00:08:01]} {[%emt 00:01:08]} Bh3
{[%clk 00:36:38]} {[%emt 00:01:30]} 25. hxg3 {[%clk 00:03:40]} {[%emt
00:04:53]} Rxg3 {[%clk 00:34:13]} {[%emt 00:02:54]} 26. Rf2 {[%clk 00:03:11]}
{[%emt 00:01:00]} Bd7 {[%clk 00:18:48]} {[%emt 00:15:54]} 27. a4 {[%clk
00:01:57]} {[%emt 00:01:45]} Rag8 {[%clk 00:17:58]} {[%emt 00:01:20]} 28. Bf1
{[%clk 00:02:07]} {[%emt 00:00:20]} Bh3 {[%clk 00:16:28]} {[%emt 00:02:00]} 29.
Bh2 {[%clk 00:01:51]} {[%emt 00:00:45]} Qg5 {[%clk 00:14:18]} {[%emt 00:02:40]}
30. Rcc2 {[%clk 00:02:01]} {[%emt 00:00:21]} Bd7 {[%clk 00:12:34]} {[%emt
00:02:14]} 31. Qc1 {[%clk 00:00:57]} {[%emt 00:01:33]} h4 {[%clk 00:12:12]}
{[%emt 00:00:53]} 32. Rb2 {[%clk 00:00:32]} {[%emt 00:00:55]} Qg6 {[%clk
00:09:47]} {[%emt 00:02:53]} 33. Ne1 {[%clk 00:00:42]} {[%emt 00:00:22]} Rg5
{[%clk 00:10:00]} {[%emt 00:00:16]} 34. Nxd6 {[%clk 00:00:35]} {[%emt
00:00:37]} Nxd6 {[%clk 00:09:49]} {[%emt 00:00:42]} 35. Bxa6 {[%clk 00:00:55]}
{[%emt 00:00:09]} h3 {[%clk 00:10:02]} {[%emt 00:00:18]} 36. Bf1 {[%clk
00:01:03]} {[%emt 00:00:22]} b5 {[%clk 00:08:10]} {[%emt 00:02:23]} 37. a5
{[%clk 00:01:16]} {[%emt 00:00:16]} Nc4 {[%clk 00:08:04]} {[%emt 00:00:36]} 38.
Ra2 {[%clk 00:01:12]} {[%emt 00:00:34]} Ne3 {[%clk 00:08:14]} {[%emt 00:00:20]}
39. Kg1 {[%clk 00:01:22]} {[%emt 00:00:19]} Qh5 {[%clk 00:06:53]} {[%emt
00:01:52]} 40. Qc3 {[%clk 00:00:48]} {[%emt 00:01:04]} Nxf1 {[%clk 00:05:53]}
{[%emt 00:01:30]} 41. Kxf1 {[%clk 00:01:04]} {[%emt 00:00:13]} hxg2+ {[%clk
00:05:44]} {[%emt 00:00:39]} 42. Rxg2 {[%clk 00:12:50]} {[%emt 00:03:44]} Bh3
{[%clk 00:20:24]} {[%emt 00:00:50]} 43. Bxf4 {[%clk 00:11:21]} {[%emt
00:02:00]} Rxg2 {[%clk 00:18:23]} {[%emt 00:02:31]} 44. Bxe5+ {[%clk 00:10:53]}
{[%emt 00:00:58]} Kh7 {[%clk 00:17:48]} {[%emt 00:01:00]} 45. Qc7+ {[%clk
00:06:18]} {[%emt 00:05:09]} R8g7 {[%emt 00:00:48]} 0-1

[Event "DEM U10 2023"]
[Site "Willingen GER"]
[Date "2023.05.29"]
[Round "4"]
[White "Pflugbeil, Julian"]
[Black "Cremann, Jannis"]
[Result "0-1"]
[Termination "normal"]
[Board "13"]
[WhiteElo "1242"]
[BlackElo "1324"]
[WhiteClock "01:18:49"]
[BlackClock "01:13:56"]
[PlyCount "46"]
[WhiteFideId "34608850"]
[BlackFideId "34660178"]
[EventCountry "GER"]
[EventRounds "11"]
[EventType "swiss"]
[EventDate "2023.05.27"]

1. e4 {[%clk 01:15:57]} {[%emt 00:00:02]} e5 {[%clk 01:15:49]} {[%emt
00:00:11]} 2. Nf3 {[%clk 01:16:25]} {[%emt 00:00:03]} Nc6 {[%clk 01:15:57]}
{[%emt 00:00:21]} 3. d4 {[%clk 01:16:50]} {[%emt 00:00:05]} exd4 {[%clk
01:16:19]} {[%emt 00:00:07]} 4. Bc4 {[%clk 01:17:17]} {[%emt 00:00:04]} Nf6
{[%clk 01:16:39]} {[%emt 00:00:10]} 5. e5 {[%clk 01:17:41]} {[%emt 00:00:07]}
d5 {[%clk 01:16:57]} {[%emt 00:00:11]} 6. Bb5 {[%clk 01:18:07]} {[%emt
00:00:05]} Ne4 {[%clk 01:16:56]} {[%emt 00:00:31]} 7. Nxd4 {[%clk 01:18:31]}
{[%emt 00:00:06]} Bd7 {[%clk 01:17:07]} {[%emt 00:00:18]} 8. Bxc6 {[%clk
01:18:48]} {[%emt 00:00:13]} bxc6 {[%clk 01:17:30]} {[%emt 00:00:07]} 9. O-O
{[%clk 01:19:12]} {[%emt 00:00:06]} Bc5 {[%clk 01:17:47]} {[%emt 00:00:12]} 10.
Be3 {[%clk 01:19:29]} {[%emt 00:00:14]} O-O {[%clk 01:16:28]} {[%emt 00:01:50]}
11. Nd2 {[%clk 01:19:44]} {[%emt 00:00:15]} Bxd4 {[%clk 01:15:24]} {[%emt
00:01:33]} 12. Bxd4 {[%clk 01:19:59]} {[%emt 00:00:15]} f5 {[%clk 01:14:53]}
{[%emt 00:01:01]} 13. Nxe4 {[%clk 01:19:54]} {[%emt 00:00:35]} fxe4 {[%clk
01:14:56]} {[%emt 00:00:26]} 14. f4 {[%clk 01:19:44]} {[%emt 00:00:41]} Qh4
{[%clk 01:14:32]} {[%emt 00:00:53]} 15. Be3 {[%clk 01:18:10]} {[%emt 00:02:01]}
Bg4 {[%clk 01:14:24]} {[%emt 00:00:41]} 16. Qd2 {[%clk 01:17:23]} {[%emt
00:01:18]} Rf5 {[%clk 01:13:26]} {[%emt 00:01:27]} 17. h3 {[%clk 01:17:30]}
{[%emt 00:00:24]} Bxh3 {[%clk 01:12:56]} {[%emt 00:00:59]} 18. gxh3 {[%clk
01:17:51]} {[%emt 00:00:10]} Qg3+ {[%clk 01:13:03]} {[%emt 00:00:23]} 19. Kh1
{[%clk 01:17:54]} {[%emt 00:00:26]} Qxh3+ {[%clk 01:13:22]} {[%emt 00:00:11]}
20. Kg1 {[%clk 01:18:02]} {[%emt 00:00:22]} Qg3+ {[%clk 01:13:37]} {[%emt
00:00:15]} 21. Qg2 {[%clk 01:17:59]} {[%emt 00:00:33]} Qxe3+ {[%clk 01:13:55]}
{[%emt 00:00:12]} 22. Rf2 {[%clk 01:18:25]} {[%emt 00:00:04]} Rxf4 {[%clk
01:13:51]} {[%emt 00:00:34]} 23. Raf1 {[%clk 01:18:49]} {[%emt 00:00:07]} Raf8
{[%clk 01:13:56]} {[%emt 00:00:24]} 0-1

[Event "DEM U10 2023"]
[Site "Willingen GER"]
[Date "2023.05.29"]
[Round "4"]
[White "Serwane, Ruben"]
[Black "Li, Yunqi"]
[Result "0-1"]
[Termination "normal"]
[Board "14"]
[WhiteElo "1489"]
[BlackElo "1609"]
[WhiteClock "00:25:29"]
[BlackClock "00:16:04"]
[PlyCount "90"]
[WhiteFideId "34660232"]
[BlackFideId "34610618"]
[EventCountry "GER"]
[EventRounds "11"]
[EventType "swiss"]
[EventDate "2023.05.27"]

1. e4 {[%clk 01:15:57]} {[%emt 00:00:03]} e6 {[%clk 01:15:57]} {[%emt
00:00:04]} 2. d4 {[%clk 01:16:20]} {[%emt 00:00:07]} d5 {[%clk 01:16:22]}
{[%emt 00:00:04]} 3. e5 {[%clk 01:16:46]} {[%emt 00:00:04]} c5 {[%clk
01:16:44]} {[%emt 00:00:08]} 4. c3 {[%clk 01:17:11]} {[%emt 00:00:05]} Nc6
{[%clk 01:17:08]} {[%emt 00:00:05]} 5. Nf3 {[%clk 01:17:37]} {[%emt 00:00:05]}
Bd7 {[%clk 01:17:33]} {[%emt 00:00:05]} 6. Be2 {[%clk 01:18:00]} {[%emt
00:00:07]} f6 {[%clk 01:17:57]} {[%emt 00:00:07]} 7. O-O {[%clk 01:18:19]}
{[%emt 00:00:10]} Qc7 {[%clk 01:18:10]} {[%emt 00:00:17]} 8. Na3 {[%clk
01:17:37]} {[%emt 00:01:12]} fxe5 {[%clk 01:14:04]} {[%emt 00:04:36]} 9. dxe5
{[%clk 01:17:37]} {[%emt 00:00:30]} Nxe5 {[%clk 01:09:12]} {[%emt 00:05:22]}
10. Nxe5 {[%clk 01:17:00]} {[%emt 00:01:07]} Qxe5 {[%clk 01:09:04]} {[%emt
00:00:38]} 11. Re1 {[%clk 01:17:00]} {[%emt 00:00:30]} Qd6 {[%clk 00:59:36]}
{[%emt 00:09:58]} 12. Bb5 {[%clk 01:14:44]} {[%emt 00:02:46]} Nf6 {[%clk
00:48:13]} {[%emt 00:11:52]} 13. Bg5 {[%clk 01:13:40]} {[%emt 00:01:34]} O-O-O
{[%clk 00:41:55]} {[%emt 00:06:48]} 14. g3 {[%clk 01:12:13]} {[%emt 00:01:57]}
Qc7 {[%clk 00:35:23]} {[%emt 00:07:01]} 15. c4 {[%clk 00:56:03]} {[%emt
00:16:41]} d4 {[%clk 00:33:07]} {[%emt 00:02:46]} 16. Nc2 {[%clk 00:44:06]}
{[%emt 00:12:26]} e5 {[%clk 00:26:19]} {[%emt 00:07:18]} 17. a4 {[%clk
00:43:46]} {[%emt 00:00:51]} h6 {[%clk 00:24:49]} {[%emt 00:02:00]} 18. Bxf6
{[%clk 00:43:00]} {[%emt 00:01:16]} gxf6 {[%clk 00:24:20]} {[%emt 00:00:58]}
19. Qd2 {[%clk 00:40:27]} {[%emt 00:03:03]} Be6 {[%clk 00:23:44]} {[%emt
00:01:06]} 20. a5 {[%clk 00:33:51]} {[%emt 00:07:05]} a6 {[%clk 00:18:55]}
{[%emt 00:05:19]} 21. Ba4 {[%clk 00:33:00]} {[%emt 00:01:20]} Bf5 {[%clk
00:15:26]} {[%emt 00:04:00]} 22. Qe2 {[%clk 00:22:55]} {[%emt 00:10:35]} Be6
{[%clk 00:12:38]} {[%emt 00:03:18]} 23. Qd2 {[%clk 00:22:57]} {[%emt 00:00:28]}
f5 {[%clk 00:12:24]} {[%emt 00:00:44]} 24. b4 {[%clk 00:23:10]} {[%emt
00:00:17]} e4 {[%clk 00:10:26]} {[%emt 00:02:28]} 25. b5 {[%clk 00:23:01]}
{[%emt 00:00:39]} Bxc4 {[%clk 00:10:41]} {[%emt 00:00:15]} 26. b6 {[%clk
00:22:48]} {[%emt 00:00:43]} Qd6 {[%clk 00:10:36]} {[%emt 00:00:34]} 27. Na3
{[%clk 00:22:29]} {[%emt 00:00:49]} Bd3 {[%clk 00:10:41]} {[%emt 00:00:25]} 28.
Rac1 {[%clk 00:22:00]} {[%emt 00:00:59]} Kb8 {[%clk 00:10:11]} {[%emt
00:01:01]} 29. Nc4 {[%clk 00:21:06]} {[%emt 00:01:23]} Bxc4 {[%clk 00:08:41]}
{[%emt 00:02:01]} 30. Rxc4 {[%clk 00:21:26]} {[%emt 00:00:09]} Bg7 {[%clk
00:07:02]} {[%emt 00:02:10]} 31. Rec1 {[%clk 00:21:31]} {[%emt 00:00:24]} Rc8
{[%clk 00:07:04]} {[%emt 00:00:28]} 32. Qb2 {[%clk 00:20:19]} {[%emt 00:01:41]}
Bf6 {[%clk 00:05:24]} {[%emt 00:02:11]} 33. Qa3 {[%clk 00:20:09]} {[%emt
00:00:39]} Be7 {[%clk 00:05:27]} {[%emt 00:00:27]} 34. Bd1 {[%clk 00:17:53]}
{[%emt 00:02:45]} Qg6 {[%clk 00:04:31]} {[%emt 00:01:26]} 35. f3 {[%clk
00:16:40]} {[%emt 00:01:43]} e3 {[%clk 00:04:48]} {[%emt 00:00:14]} 36. f4
{[%clk 00:16:52]} {[%emt 00:00:18]} h5 {[%clk 00:05:09]} {[%emt 00:00:09]} 37.
Bf3 {[%clk 00:16:53]} {[%emt 00:00:28]} h4 {[%clk 00:05:30]} {[%emt 00:00:10]}
38. Rxd4 {[%clk 00:16:32]} {[%emt 00:00:51]} Qe6 {[%clk 00:02:50]} {[%emt
00:03:10]} 39. Rdd1 {[%clk 00:16:08]} {[%emt 00:00:54]} c4 {[%clk 00:02:15]}
{[%emt 00:01:06]} 40. Qa4 {[%clk 00:16:10]} {[%emt 00:00:28]} e2 {[%clk
00:01:53]} {[%emt 00:00:52]} 41. Re1 {[%clk 00:16:15]} {[%emt 00:00:25]} Bc5+
{[%clk 00:02:12]} {[%emt 00:00:11]} 42. Kg2 {[%clk 00:15:47]} {[%emt 00:00:57]}
Qe3 {[%clk 00:15:12]} {[%emt 00:02:30]} 43. Rf1 {[%clk 00:24:57]} {[%emt
00:09:20]} exf1=Q+ {[%clk 00:15:50]} {[%emt 00:00:11]} 44. Rxf1 {[%clk
00:25:47]} {[%emt 00:00:11]} Qd2+ {[%clk 00:15:45]} {[%emt 00:00:35]} 45. Kh1
{[%clk 00:25:29]} {[%emt 00:00:48]} hxg3 {[%clk 00:16:04]} {[%emt 00:00:11]}
0-1

[Event "DEM U10 2023"]
[Site "Willingen GER"]
[Date "2023.05.29"]
[Round "4"]
[White "Fels, Mattis"]
[Black "Teng, David"]
[Result "0-1"]
[Termination "normal"]
[Board "15"]
[WhiteElo "1682"]
[BlackElo "1554"]
[WhiteClock "00:29:11"]
[BlackClock "00:49:23"]
[PlyCount "40"]
[WhiteFideId "34623795"]
[BlackFideId "34604570"]
[EventCountry "GER"]
[EventRounds "11"]
[EventType "swiss"]
[EventDate "2023.05.27"]

1. d4 {[%clk 01:15:59]} d5 {[%clk 01:15:54]} {[%emt 00:00:06]} 2. Nc3 {[%clk
01:16:24]} {[%emt 00:00:06]} Nf6 {[%clk 01:16:20]} {[%emt 00:00:03]} 3. Bf4
{[%clk 01:16:47]} {[%emt 00:00:07]} Bf5 {[%clk 01:16:44]} {[%emt 00:00:06]} 4.
f3 {[%clk 01:17:01]} {[%emt 00:00:17]} e6 {[%clk 01:15:30]} {[%emt 00:01:44]}
5. g4 {[%clk 01:17:04]} {[%emt 00:00:27]} Bg6 {[%clk 01:15:37]} {[%emt
00:00:23]} 6. h4 {[%clk 01:17:26]} {[%emt 00:00:08]} h6 {[%clk 01:15:53]}
{[%emt 00:00:14]} 7. e3 {[%clk 01:17:48]} {[%emt 00:00:09]} a6 {[%clk
01:15:56]} {[%emt 00:00:27]} 8. Bd3 {[%clk 01:18:04]} {[%emt 00:00:14]} Bxd3
{[%clk 01:15:50]} {[%emt 00:00:36]} 9. Qxd3 {[%clk 01:18:23]} {[%emt 00:00:10]}
c5 {[%clk 01:15:46]} {[%emt 00:00:33]} 10. dxc5 {[%clk 01:18:06]} {[%emt
00:00:48]} Bxc5 {[%clk 01:15:09]} {[%emt 00:01:06]} 11. Nge2 {[%clk 01:18:24]}
{[%emt 00:00:12]} Nc6 {[%clk 01:15:05]} {[%emt 00:00:35]} 12. a3 {[%clk
01:15:26]} {[%emt 00:03:28]} Qa5 {[%clk 01:11:52]} {[%emt 00:03:39]} 13. Kf2
{[%clk 01:13:18]} {[%emt 00:02:41]} Ba7 {[%clk 01:06:39]} {[%emt 00:05:42]} 14.
g5 {[%clk 01:11:31]} {[%emt 00:02:18]} Nh5 {[%clk 01:06:37]} {[%emt 00:00:32]}
15. g6 {[%clk 01:09:21]} {[%emt 00:02:40]} f5 {[%clk 01:02:11]} {[%emt
00:04:56]} 16. Kg2 {[%clk 00:54:05]} {[%emt 00:15:46]} Ne7 {[%clk 00:57:51]}
{[%emt 00:04:50]} 17. e4 {[%clk 00:44:36]} {[%emt 00:09:58]} Nxg6 {[%clk
00:53:52]} {[%emt 00:04:30]} 18. Bh2 {[%clk 00:44:06]} {[%emt 00:01:00]} O-O
{[%clk 00:52:36]} {[%emt 00:01:47]} 19. exd5 {[%clk 00:39:21]} {[%emt
00:05:15]} exd5 {[%clk 00:51:01]} {[%emt 00:02:05]} 20. Nd4 {[%clk 00:29:11]}
{[%emt 00:10:39]} Ngf4+ {[%clk 00:49:23]} {[%emt 00:02:08]} 0-1

[Event "DEM U10 2023"]
[Site "Willingen GER"]
[Date "2023.05.29"]
[Round "4"]
[White "Hildebrand, Azat"]
[Black "Hagn, Tobias"]
[Result "0-1"]
[Termination "normal"]
[Board "17"]
[WhiteElo "1502"]
[BlackElo "1609"]
[WhiteClock "00:14:21"]
[BlackClock "00:18:13"]
[PlyCount "140"]
[WhiteFideId "34607536"]
[BlackFideId "34623728"]
[EventCountry "GER"]
[EventRounds "11"]
[EventType "swiss"]
[EventDate "2023.05.27"]

1. d4 {[%clk 01:15:58]} {[%emt 00:00:02]} d5 {[%clk 01:15:51]} {[%emt
00:00:09]} 2. Nf3 {[%clk 01:16:18]} {[%emt 00:00:10]} c5 {[%clk 01:16:02]}
{[%emt 00:00:19]} 3. e3 {[%clk 01:16:09]} {[%emt 00:00:40]} Nc6 {[%clk
01:16:04]} {[%emt 00:00:29]} 4. c3 {[%clk 01:15:33]} {[%emt 00:01:05]} Nf6
{[%clk 01:15:44]} {[%emt 00:00:49]} 5. Bd3 {[%clk 01:15:28]} {[%emt 00:00:36]}
e6 {[%clk 01:15:26]} {[%emt 00:00:48]} 6. Nbd2 {[%clk 01:14:53]} {[%emt
00:01:05]} Bd6 {[%clk 01:15:00]} {[%emt 00:00:54]} 7. O-O {[%clk 01:14:22]}
{[%emt 00:01:02]} O-O {[%clk 01:15:09]} {[%emt 00:00:22]} 8. dxc5 {[%clk
01:13:42]} {[%emt 00:01:11]} Bxc5 {[%clk 01:13:18]} {[%emt 00:02:21]} 9. b4
{[%clk 01:13:49]} {[%emt 00:00:23]} Bd6 {[%clk 01:11:30]} {[%emt 00:02:17]} 10.
Bb2 {[%clk 01:13:39]} {[%emt 00:00:41]} e5 {[%clk 01:09:46]} {[%emt 00:02:15]}
11. e4 {[%clk 01:13:10]} {[%emt 00:00:58]} d4 {[%clk 01:09:20]} {[%emt
00:00:56]} 12. b5 {[%clk 01:08:42]} {[%emt 00:04:58]} dxc3 {[%clk 01:05:26]}
{[%emt 00:04:24]} 13. Bxc3 {[%clk 01:08:45]} {[%emt 00:00:26]} Nd4 {[%clk
01:05:25]} {[%emt 00:00:32]} 14. Bxd4 {[%clk 01:06:55]} {[%emt 00:02:19]} Be7
{[%clk 01:04:00]} {[%emt 00:01:55]} 15. Nxe5 {[%clk 01:02:37]} {[%emt
00:04:48]} Qxd4 {[%clk 01:01:18]} {[%emt 00:03:12]} 16. Ndf3 {[%clk 01:02:36]}
{[%emt 00:00:32]} Qd8 {[%clk 00:58:30]} {[%emt 00:03:18]} 17. Re1 {[%clk
00:59:04]} {[%emt 00:04:02]} Ng4 {[%clk 00:47:33]} {[%emt 00:11:27]} 18. h3
{[%clk 00:54:38]} {[%emt 00:04:56]} Nxe5 {[%clk 00:47:27]} {[%emt 00:00:36]}
19. Nxe5 {[%clk 00:55:00]} {[%emt 00:00:08]} Bb4 {[%clk 00:47:42]} {[%emt
00:00:15]} 20. Re2 {[%clk 00:51:58]} {[%emt 00:03:32]} Bc3 {[%clk 00:47:39]}
{[%emt 00:00:32]} 21. Nxf7 {[%clk 00:48:22]} {[%emt 00:04:07]} Qd4 {[%clk
00:43:13]} {[%emt 00:04:56]} 22. Qb3 {[%clk 00:44:00]} {[%emt 00:04:53]} g6
{[%clk 00:29:00]} {[%emt 00:14:42]} 23. Rd1 {[%clk 00:25:30]} {[%emt 00:18:59]}
Qb4 {[%clk 00:22:47]} {[%emt 00:06:44]} 24. Ne5+ {[%clk 00:22:11]} {[%emt
00:03:47]} Qxb3 {[%clk 00:21:51]} {[%emt 00:01:27]} 25. Bc4+ {[%clk 00:19:37]}
{[%emt 00:03:04]} Qxc4 {[%clk 00:20:32]} {[%emt 00:01:49]} 26. Nxc4 {[%clk
00:20:03]} {[%emt 00:00:04]} Be6 {[%clk 00:20:33]} {[%emt 00:00:29]} 27. Nd6
{[%clk 00:19:24]} {[%emt 00:01:10]} Rad8 {[%clk 00:18:12]} {[%emt 00:02:50]}
28. Rc1 {[%clk 00:16:31]} {[%emt 00:03:25]} Bb4 {[%clk 00:16:12]} {[%emt
00:02:29]} 29. Nxb7 {[%clk 00:14:57]} {[%emt 00:02:05]} Rd7 {[%clk 00:16:01]}
{[%emt 00:00:40]} 30. Nc5 {[%clk 00:15:07]} {[%emt 00:00:20]} Rc7 {[%clk
00:16:20]} {[%emt 00:00:11]} 31. Nd3 {[%emt 00:02:03]} Rxc1+ {[%clk 00:16:00]}
{[%emt 00:00:08]} 32. Nxc1 {[%clk 00:14:18]} {[%emt 00:00:28]} Rb8 {[%clk
00:14:38]} {[%emt 00:01:51]} 33. Rb2 {[%clk 00:12:49]} {[%emt 00:02:00]} Ba3
{[%clk 00:14:53]} {[%emt 00:00:15]} 34. Rb1 {[%clk 00:12:17]} {[%emt 00:01:02]}
Bc4 {[%clk 00:14:30]} {[%emt 00:00:53]} 35. Nb3 {[%clk 00:06:38]} {[%emt
00:06:09]} Rxb5 {[%clk 00:13:37]} {[%emt 00:01:24]} 36. Nd2 {[%clk 00:06:52]}
{[%emt 00:00:17]} Rxb1+ {[%clk 00:13:48]} {[%emt 00:00:19]} 37. Nxb1 {[%clk
00:07:13]} {[%emt 00:00:09]} Bb4 {[%clk 00:14:08]} {[%emt 00:00:10]} 38. a3
{[%clk 00:06:39]} {[%emt 00:01:03]} Ba5 {[%clk 00:14:15]} {[%emt 00:00:24]} 39.
a4 {[%clk 00:06:55]} {[%emt 00:00:14]} Bd3 {[%clk 00:14:19]} {[%emt 00:00:25]}
40. Na3 {[%clk 00:07:14]} {[%emt 00:00:12]} a6 {[%clk 00:14:36]} {[%emt
00:00:12]} 41. f3 {[%clk 00:07:15]} {[%emt 00:00:30]} Bb4 {[%clk 00:14:46]}
{[%emt 00:00:19]} 42. Nb5 {[%clk 00:07:29]} {[%emt 00:00:16]} axb5 {[%clk
00:14:07]} {[%emt 00:01:09]} 43. axb5 {[%clk 00:07:51]} {[%emt 00:00:09]} Bc5+
{[%clk 00:14:12]} {[%emt 00:00:25]} 44. Kh2 {[%clk 00:08:12]} {[%emt 00:00:08]}
Bf2 {[%clk 00:14:09]} {[%emt 00:00:32]} 45. g3 {[%clk 00:08:24]} {[%emt
00:00:18]} Bf1 {[%clk 00:14:21]} {[%emt 00:00:19]} 46. e5 {[%clk 00:08:22]}
{[%emt 00:00:32]} Kf7 {[%clk 00:14:39]} {[%emt 00:00:13]} 47. f4 {[%clk
00:08:47]} {[%emt 00:00:05]} Ke6 {[%clk 00:14:36]} {[%emt 00:00:32]} 48. g4
{[%clk 00:09:01]} {[%emt 00:00:16]} Bxb5 {[%clk 00:14:34]} {[%emt 00:00:33]}
49. Kg2 {[%clk 00:09:14]} {[%emt 00:00:17]} Be1 {[%clk 00:14:45]} {[%emt
00:00:19]} 50. Kf3 {[%clk 00:09:04]} {[%emt 00:00:40]} Bf1 {[%clk 00:15:02]}
{[%emt 00:00:12]} 51. Ke4 {[%clk 00:09:09]} {[%emt 00:00:25]} Bg2+ {[%clk
00:14:51]} {[%emt 00:00:41]} 52. Ke3 {[%emt 00:00:19]} Bxh3 {[%clk 00:15:11]}
{[%emt 00:00:08]} 53. Kf3 {[%clk 00:09:44]} {[%emt 00:00:09]} Bh4 {[%clk
00:14:55]} {[%emt 00:00:45]} 54. g5 {[%clk 00:09:40]} {[%emt 00:00:35]} Kf5
{[%clk 00:15:05]} {[%emt 00:00:20]} 55. Ke3 {[%clk 00:09:57]} {[%emt 00:00:12]}
Bg3 {[%clk 00:15:13]} {[%emt 00:00:21]} 56. Kf3 {[%clk 00:10:17]} {[%emt
00:00:11]} Bxf4 {[%clk 00:15:34]} {[%emt 00:00:09]} 57. e6 {[%clk 00:10:25]}
{[%emt 00:00:23]} Bxg5 {[%clk 00:15:50]} {[%emt 00:00:14]} 58. Kg3 {[%clk
00:10:48]} {[%emt 00:00:09]} Bg4 {[%clk 00:16:02]} {[%emt 00:00:17]} 59. Kg2
{[%clk 00:11:05]} {[%emt 00:00:13]} Kxe6 {[%clk 00:16:24]} {[%emt 00:00:08]}
60. Kg3 {[%clk 00:11:28]} {[%emt 00:00:08]} h5 {[%clk 00:16:45]} {[%emt
00:00:08]} 61. Kg2 {[%clk 00:11:22]} {[%emt 00:01:09]} h4 {[%clk 00:16:34]}
{[%emt 00:00:41]} 62. Kh2 {[%clk 00:11:44]} {[%emt 00:00:09]} Bf4+ {[%clk
00:16:48]} {[%emt 00:00:15]} 63. Kg2 {[%clk 00:12:09]} {[%emt 00:00:06]} h3+
{[%clk 00:17:10]} {[%emt 00:00:09]} 64. Kh1 {[%clk 00:12:31]} {[%emt 00:00:07]}
Bf3+ {[%clk 00:17:24]} {[%emt 00:00:15]} 65. Kg1 {[%clk 00:12:48]} {[%emt
00:00:13]} h2+ {[%clk 00:17:34]} {[%emt 00:00:20]} 66. Kf2 {[%clk 00:12:58]}
{[%emt 00:00:20]} Be4 {[%clk 00:17:40]} {[%emt 00:00:24]} 67. Ke2 {[%clk
00:13:11]} {[%emt 00:00:18]} h1=Q {[%clk 00:17:54]} {[%emt 00:00:15]} 68. Kf2
{[%clk 00:13:35]} {[%emt 00:00:07]} Qg2+ {[%clk 00:18:11]} {[%emt 00:00:12]}
69. Ke1 {[%clk 00:13:59]} {[%emt 00:00:07]} Bg3+ {[%clk 00:18:17]} {[%emt
00:00:23]} 70. Kd1 {[%clk 00:14:21]} {[%emt 00:00:09]} Qc2# {[%clk 00:18:13]}
{[%emt 00:00:04]} 0-1